000 00358nam a2200157Ia 4500
005 20250423094326.0
008 250422s9999 xx 000 0 und d
020 _a9780290079
050 _aKP 83.3 .U3/
100 _aUdom Elijah Udoh
245 0 _aAdminisprudence
260 _c1998
300 _a593 p
650 _aBehaveioural Approach
942 _cBK
999 _c26915
_d26915